Latihan imbuhan bahasa Melayu-Indonesia berdasarkan tatabahasa baru Melayu-Indonesia II

Bibliographic Details
Main Author: Lutfi Abas (Author)
Format: Book
Published: Petaling Jaya : Zaman Baru , 1968
Subjects:

MARC

LEADER 00000cam a2200000 7i4500
001 0000008357
005 20021119093000.0
008 021119n
090 0 0 |a PL5108   |b .L873 
100 0 |a Lutfi Abas ,   |e author 
245 0 0 |a Latihan imbuhan bahasa Melayu-Indonesia berdasarkan tatabahasa baru Melayu-Indonesia II   |c Lutfi Abas 
260 2 |a Petaling Jaya :   |b Zaman Baru ,   |c 1968 
300 |a 89 ms. ; ;   |c 19 sm. 
650 0 |a Malay language   |x Grammar 
650 0 |a Malay language   |x Suffixes and prefixes 
999 |a 1000044498   |b Book   |c OPEN SHELF (30 DAYS)   |e Gong Badak Campus 
999 |a 1000044499   |b Book   |c OPEN SHELF (30 DAYS)   |e Gong Badak Campus